LEADER 00927nam a2200205 i 4500 001 000000253786 003 CaOOAMICUS 005 20170413000000.0 008 170413s1820 it u000 u ita u 013 $a232691 026 $a7.el 2.ta iula losa (3) 1820 (A) 040 $aSeMil$bita 245 10$aVol. 15. 300 $a268 p., [1] c. di tav. :$bantip. calcogr. 773 0 $aRollin, Charles <1661-1741>$tStoria antica e romana di Carlo Rollin versione ridotta a lezione migliore arricchita di annotazioni di un più copioso indice delle materie e di incisioni in rame ... Vol. 1. [-48].$dVenezia : Dalla Tipografia di Alvisopoli, 1819-1822 (Venezia : Stampato a cura di Giuseppe Battaggia)$g15$w()4468 850 $aSeMil 852 $aSeMil$W1$xVenegono$y1$m3V VII 15 FA$j204132$B204132$CSeMilBibl$Z2$F217564 $8I 941 1 $a10 961 $aRecupero: Mantegazza 996 $6245$aVol. 15$9(OLS)http://semarc/title/296868 LEADER 01343nam a2200313 4500 001 000000333357 003 CaOOAMICUS 005 20250926121819.0 008 190415s2003 it a 000 u mul r 020 $a88-04-52969-5 040 $aSeMil$bita 100 0 $aInnocentius III,$c.$0(OLS)http://semarc/name/26064 240 10$aDe contemptu mundi sive de miseria humanae conditionis.$0(OLS)http://semarc/title/455892 245 13$aLa miseria della condizione umana /$cLotario Di Segni. 264 1$aMilano :$bSilvio Berlusconi Editore,$c2003. 300 $aLXVI, 331 p., [1] carta di tav. :$bill. ;$c22 cm 490 1 $aBiblioteca dell'Utopia ;$v13 830 0$aBiblioteca dell'Utopia ;$v13.$0(OLS)http://semarc/title/40498 850 $aSeMil 852 $aSeMil$W1$xVenegono$y1$m2C VII 330$j213566$B225499$CSeMilBibl$Z2$F225499 $81 900 1 $aLotario : di Segni,$d<1160-1216>. 900 0 $aInnocenzo III$c. 961 $aBrambilla don Paolo - Omaggio 996 $6020$a88-04-52969-5$9(OLS)http://semarc/number/287140 996 $6245$aLa miseria della condizione umana$9(OLS)http://semarc/title/422813 996 $6264$aMilano :$bSilvio Berlusconi Editore$9(OLS)http://semarc/publisher/38219 LEADER 01117nam a2200229 i 4500 001 000000252471 003 CaOOAMICUS 005 20170112000000.0 008 170112s1969 xx u000 u lat u 013 $a231376 040 $aSeMil$bita 100 1 $aDesprès, Josquin,$d <1440ca-1521>.$0(OLS)http://semarc/name/83575 245 10$aMesse, Magnificat, mottetto e inno /$cJosquin Desprès e vari ; trascrizione di Amerigo Bortone. 260 $aMilano :$bVeneranda Fabbrica del Duomo di Milano,$c1969. 300 $a1 partitura (LV, 202 p.) ;$c33 cm. 490 0 $aArchivium musices metropolitanum mediolanense : collana musicale ;$v15 700 1 $aBortone, Amerigo.$0(OLS)http://semarc/name/90265 830 0$aArchivium musices metropolitanum mediolanense : collana musicale ;$v15.$0(OLS)http://semarc/title/402963 850 $aSeMil 852 $aSeMil$W1$xVenegono$y1$m3Q VI 103/15$j202817$B202817$CSeMilBibl$Z2$F215564 $81 996 $6245$aMesse, Magnificat, mottetto e inno$9(OLS)http://semarc/title/409960 996 $6260$aMilano :$bVeneranda Fabbrica del Duomo di Milano$9(OLS)http://semarc/publisher/39690